000 00416nam a2200145 i 4500
001 32839
003 ES-MaACL
007 t|
008 030131s1915 sp ||||1| spa d
100 1 _aBermejo de la Rica, Antonio.
_928102
245 1 3 _aLa guerra romántica y la guerra brutal /
_cAntonio Bermejo de la Rica.
260 _aMadrid :
_bLa Itálica,
_c1915.
300 _a199 p. ;
_c20 cm.
852 _aES-MaACL
_jG-608
999 _c32839
_d32839